00636nam a22001457a 4500020002200000040002300022082001500045245008000060260002800140440007400168942001200242999001900254952009500273952012200368 a978-0-12-405874-3 adlccdlcddlcedlc 2620.3bDON aIntelligent Vibration Control in Civil Engineering Structures/ Zhao-Dong Xu aEnglandbElsevierc2015 aIntelligent Vibration Control in Civil Engineering Structures9112824 2ddccBK c594867d594867 00102ddc4070aNITbNITd2023-05-29l0o620.3 DONpNIT-13689r2023-05-29w2023-05-29yBK 00102ddc4070aNITbNITd2023-05-29l1m1o620.3 DONpNIT-13690q2026-04-01r2025-11-13s2025-11-13w2023-05-29yBK